000 00849nam a2200265 i 4500
003 DO-SdBNP
005 20230718142722.0
007 ta
008 230718b2022 dr a|||| |||| 00| 0 spa d
020 _a9789945250459
040 _aDO-SdBNP
_bspa
_cBNPHU
_erda
082 4 _222
100 _aBáez, Etzel,
_d1953-
_944070
_eautor
245 1 0 _aConcepción Bona :
_basí nació la bandera dominicana /
_cEtzel Báez-Torres, Abel Raimundo
264 1 _aSanto Domingo :
_bArchivo General de la Nación
_c2022.
300 _a16 póginas :
_bilustraciones ;
_c28 cm.
336 _2rdacontent
_atexto
_btxt
337 _2rdamedia
_asin mediación
_bn
338 _2rdacarrier
_avolumen
_bnc
490 _aArchivo General de la Nación
_v457
590 _aInventariado, 2023/BT
700 1 _aRaimundo, Abel,
_983790
910 _aBtavárez
942 _2ddc
_cLF2
999 _c54193
_d54193